Soccer Players of the Year, 2010s - Statistics

General Stats
  • This quiz has been taken 2,747 times
  • The average score is 17 of 33
Answer Stats
Answer % Correct
Cristiano Ronaldo
99%
Lionel Messi
99%
Robert Lewandowski
87%
Kylian Mbappe
84%
Mohamed Salah
83%
Neymar
77%
Kevin de Bruyne
75%
Zlatan Ibrahimovic
70%
Wayne Rooney
66%
Karim Benzema
65%
Luis Suarez
64%
Eden Hazard
57%
Manuel Neuer
57%
Edinson Cavani
56%
Virgil van Dijk
55%
Marco Reus
54%
Phillip Lahm
54%
N'golo Kante
48%
Arjen Robben
47%
Paulo Dybala
46%
Gianluigi Buffon
43%
Riyad Mahrez
43%
Robin van Persie
43%
Andrea Pirlo
41%
Leonardo Bonucci
32%
Gareth Bale
29%
Carlos Tevez
27%
Bastian Schweinsteiger
25%
Jerome Boateng
25%
Diego Milito
15%
Alexandre Lacazette
14%
Mauro Icardi
14%
Lisandro Lopez
2%
No matching quizzes found
Score Distribution
Percent of People with Each Score
Percentile by Number Answered
Your Score History
You have not taken this quiz